US States - Backwards! - Statistics

General Stats
  • This quiz has been taken 40 times
  • The average score is 14 of 50
Answers on the Map
Answers color-coded by a green-red scale on the quiz's map according to % correct below.
 
Answer Stats
State % Correct
Saxet
77%
Aksala
66%
Hatu
63%
Ohadi
63%
Oiho
60%
Iiawah
57%
Adaven
54%
Eniam
54%
Adirolf
51%
Kroy Wen
51%
Nogero
51%
Awoi
49%
Anatnom
46%
Anozira
43%
Ainrofilac
37%
Odaroloc
37%
Sasnak
37%
Notgnihsaw
34%
Amabala
31%
Ocixem Wen
31%
Gnimoyw
29%
Anaidni
26%
Atokad Htron
26%
Nagihcim
26%
Amohalko
23%
Erawaled
23%
Yesrej Wen
23%
Atokad Htuos
20%
Dnalyram
20%
Eessennet
20%
Sionilli
20%
Tnomrev
20%
Aigroeg
17%
Aksarben
17%
Ykcutnek
17%
Atosennim
14%
Ippississim
11%
Iruossim
11%
Dnalsi Edohr
9%
Erihspmah Wen
9%
Nisnocsiw
9%
Ainavlysnnep
6%
Ainigriv
6%
Anaisiuol
6%
Anilorac Htuos
6%
Sttesuhcassam
6%
Tucitcennoc
6%
Ainigriv Tsew
3%
Anilorac Htron
3%
Sasmakra
0%
No matching quizzes found
Score Distribution
Percent of People with Each Score
Percentile by Number Answered
Your Score History
You have not taken this quiz